| 000 | 00369nam a2200133Ia 4500 | ||
|---|---|---|---|
| 008 | 191014s9999 xx 000 0 und d | ||
| 020 | _a978-1-107-67565-0 | ||
| 082 |
_a530.41 _bALT |
||
| 100 |
_aAlexander Altland and Ben Simons _920381 |
||
| 245 | 0 | _aCondensed Matter Field Theory 2nd ed. | |
| 260 |
_aNew Delhi _bRaj Press _c2014 |
||
| 300 | _aXiv,770 | ||
| 942 | _cBK | ||
| 999 |
_c530960 _d530960 |
||